00269 a2200085 4500100002700000245004800027300003500075650001800110773005500128 aFRIMPONG, Enoch Darfah aHighway slaughter. Bodies of 35 dismembered aSaturday June 3, 2023 Page 09. aRoad Accident0 x0855-1529tDaily GraphicdAccra Daily Graphic 2023